000
00303pam a2200121 a 4500
020
_c
041
_h
082
_a
891.463
_b
PAW
100
_a
PAWAR S.,
245
_a
MAHARASHTRA : EK DRUSHTIKON (MARATHI)
_h
Textual Documents
260
_a
MUMBAI
_b
YASHAWANTRAO CHAVAN PRATISHTHAN
_c
1989
930
_a
11239
999
_c
130683
_d
130683